Responses for Show #7331 - Monday, June 27, 2016

Contestants

[<< previous game]

Tony Orcutt, an analyst from Seattle, Washington

Susan Sexton, an actuary originally from Peachtree Corners, Georgia

Harris Stutman, a medical informaticist from Huntington Beach, California (whose 1-day cash winnings total $23,000)

[next game >>]

Jeopardy! Round responses

WHICH DOCUMENT CAME FIRST?
(Alex: We'll give you a list.)
MUSICAL SETTINGS
BIBLE BRIEFS
4-LETTER "V"ORDS
I'D LIKE TO THANK
THE ECONOMY OF MOTION PICTURE ARTS & SCIENCES
    $200 11
Hammurabi's Code

Harris
    $200 2
The King and I

Tony
    $200 14
the Garden of Eden

Susan
    $200 26
veal

Tony
    $200 21
rum

Tony
    $200 1
a multiplex

Susan
    $400 12
the Magna Carta

Tony
    $400 7
The Sound of Music

Tony
    $400 15
Mary Magdalene

Harris
    $400 27
(Susan: What is your vocation?)

the veil

Susan
Triple Stumper
    $400 22
bell-bottoms

Harris
    $400 3
$1 billion

Tony
    $600 13
(Tony: What is the Federalist Papers?)
(Harris: What is the Articles of Confederation?)

the Declaration of Independence

HarrisSusanTony
    $600 8
Kiss Me, Kate

Triple Stumper
    $600 18
the Sermon on the Mount

Susan
    $600 28
vape

Susan
    $600 23
The Life of Pablo

Triple Stumper
    $600 4
gross earnings

Susan
    $800 16
the Fourteen Points

Harris
    $1,000 9
Chicago

Tony
    $800 19
Cain, Abel & Seth

Harris
    $800 29
a vole

Tony
    $800 24
Chile

Tony
    $800 5
the line

Harris
    $1000 17
(Harris: What is the Good Friday Agreement?)

the German Reunification Treaty

HarrisTony
    $1000 10
1776

Harris
    $1000 20
King of Kings

Harris
    $1000 30
a vamp

Susan
    $1000 25
the Clean Air Act

Harris
    $1000 6
tentpole

Susan

Scores at the first commercial break (after clue 15):

Harris Susan Tony
$1,800 $2,600 $1,800

Scores at the end of the Jeopardy! Round:

Harris Susan Tony
$4,800 $4,400 $4,800

Double Jeopardy! Round responses

OPRAH'S BOOK CLUB CLASSICS
WAR OF THE WORDS
FOOD & DRINK SCIENCE
MARGARET ME
SAINTS & THEIR CITIES
'90s MUSIC
    $400 26
A Tale of Two Cities

Tony
    $400 21
a conflict

Susan
    $400 20
head

Tony
    $400 11
Margaret Thatcher

Susan
    $400 6
Assisi

Tony
    $400 1
Sheryl Crow

Susan
    $3,000 27
Anna Karenina

Tony
    $800 22
battle

Tony
    $800 19
bacteria

Tony
    $800 12
Margaret Hamilton

Harris
    $800 7
Lima

Harris
    $800 2
Garth Brooks

Susan
    $1200 28
The Sound and the Fury (or Light in August or As I Lay Dying)

Tony
    $1200 23
a bout

Susan
    $1200 16
antioxidants

Susan
    $1200 13
(Harris: Who is Queen Elizabeth I?)

Elizabeth II

HarrisSusan
    $1200 8
Seville

Tony
    $1200 3
Pearl Jam

Susan
    $1600 29
Cry, the Beloved Country

Harris
    $1600 24
a melee

Tony
    $1600 17
capsaicin

Tony
    $1600 14
Greenwich

Tony
    $1600 9
Siena

Susan
    $1600 4
(Harris: Who are the Indigo Girls?)

the Dixie Chicks

HarrisTony
    $2000 30
(Elie) Wiesel

Harris
    $1,600 25
fisticuffs

Tony
    $2000 18
(Susan: What is nitrogen?)

ethylene

Susan
Triple Stumper
    $2000 15
Margaret Sanger

Harris
    $2000 10
Tours

Triple Stumper
    $2000 5
the Wu-Tang Clan

Susan

Scores at the end of the Double Jeopardy! Round:

Harris Susan Tony
$9,200 $12,800 $21,000

[wagering suggestions for these scores]

Final Jeopardy! Round responses

FRENCH MONARCHS
(Alex: [To Harris] He was out of work for 100 days when Napoleon came back.)
HarrisWho was Louis XVIII (18)
$7,500
SusanWho is Louis Napoleon?
$4,601
TonyWho is Napoleon
$4,601
Louis XVIII

Final scores:

Harris Susan Tony
$16,700 $8,199 $16,399
2-day champion: $39,700 3rd place: $1,000 2nd place: $2,000

Game dynamics:

Coryat scores:

Harris Susan Tony
$9,200 $12,800 $19,000
14 R,
4 W
18 R,
2 W
23 R
(including 3 DDs),
1 W

Combined Coryat: $41,000

[game clues] [game scores] [suggest correction]

Game tape date: 2016-03-29
The J! Archive is created by fans, for fans. Scraping, republication, monetization, and malicious use prohibited; this site may use cookies and collect identifying information. See terms. The Jeopardy! game show and all elements thereof, including but not limited to copyright and trademark thereto, are the property of Jeopardy Productions, Inc. and are protected under law. This website is not affiliated with, sponsored by, or operated by Jeopardy Productions, Inc. Join the discussion at JBoard.tv.